000
00292nam a2200133Ia 4500
008
230312s9999||||xx |||||||||||||| ||und||
082
_a
005.133
_b
MEH-I
100
_a
Mehmood;Khalid
245
0
_a
Introduction to Database
260
_a
PK
300
_a
205
650
_a
Computer
942
_c
BK
999
_c
2029
_d
2029